000 00523nam a2200169 i 4500
001 33450
003 ES-MaACL
005 20230906154747.0
007 t|
008 030202s1967 sp ||||1| spa d
100 1 _aBiocca, Ettore.
_928934
245 1 4 _aLos yanoamas
_b: el último paraíso /
_cEttore Biocca ; [traducción de P. López Sánchez].
260 _aBarcelona, etc. :
_bFerma,
_c[1967]
300 _a334 p., 24 lám. ;
_c25 cm.
700 1 _aLópez Sánchez, P.
_973959
852 _aES-MaACL
_jC-32554
_bR.63213
999 _c33450
_d33450